Prague districts (cadastral communities) - Statistics

General Stats
  • This quiz has been taken 367 times
  • The average score is 51 of 112
Answer Stats
Adm. district Population
(2011)
Cadastral community % Correct
Praha 1 8 705 Staré Město
86%
Praha 3, 8, 10 56 056 Žižkov
86%
Praha 1, 7 34 930 Holešovice
81%
Praha 1, 2, 8 27 105 Nové Město
81%
Praha 5 33 460 Smíchov
79%
Praha 18 16 996 Letňany
77%
Praha 6 24 020 Dejvice
76%
Praha 1, 5 5 687 Malá Strana
75%
Praha 1, 2, 3,4, 10 50 350 Vinohrady
75%
Praha 11 54 535 Chodov
74%
Praha 14 24 427 Černý Most
73%
Praha 17 4 697 Zličín
71%
Praha 11 21 206 Háje
68%
Praha 1, 6 2 079 Hradčany
67%
Praha 4 27 505 Krč
67%
Praha 8 28 567 Kobylisy
66%
Praha 7, 8, 9 32 749 Libeň
65%
Praha 2, 4 35 263 Nusle
65%
Praha 10 35 560 Vršovice
65%
Praha 8 11 161 Karlín
64%
Praha 17 24 235 Řepy
64%
Praha 3, 10 37 503 Strašnice
63%
Praha 15 18 303 Hostivař
62%
Praha 6 8 406 Ruzyně
62%
Praha 13 59 742 Stodůlky
62%
Praha 4 18 455 Braník
61%
Praha 5 4 205 Motol
60%
Praha 2 2 110 Vyšehrad
60%
Praha 8 17 416 Bohnice
59%
Praha 12 30 703 Modřany
56%
Praha 9 17 463 Prosek
56%
Praha 7, 8 14 717 Troja
56%
Praha 8, 9 14 417 Střížkov
54%
Praha 19 6 768 Kbely
53%
Praha 9, 10, 14 12 631 Hloubětín
52%
Praha 20 15 262 Horní Počernice
52%
Praha 15 2 527 Dolní Měcholupy
51%
Praha 15 12 993 Horní Měcholupy
51%
Praha 13 3 727 Řeporyje
51%
Praha 6 6 485 Veleslavín
51%
Praha 5, 13 5 488 Jinonice
50%
Praha 3, 9 15 219 Vysočany
50%
Praha 16 9 523 Zbraslav
50%
Praha 18 7 666 Čakovice
49%
Praha 8 3 539 Ďáblice
49%
Praha 14 2 247 Dolní Počernice
49%
Praha 6, 7 20 647 Bubeneč
48%
Praha 5, 6 26 275 Břevnov
47%
Praha 5 1 886 Radlice
47%
Praha 5 22 731 Hlubočepy
46%
Praha 9, 10 10 725 Malešice
46%
Praha 4, 10 20 555 Michle
46%
Praha 16 2 284 Velká Chuchle
46%
Praha 16 8 486 Radotín
45%
Praha 1 1 264 Josefov
44%
Praha 12 5 575 Libuš
44%
Praha 4 13 938 Podolí
44%
Praha 6 7 001 Střešovice
43%
Praha 4, 10 35 702 Záběhlice
43%
Praha 21 2 866 Běchovice
41%
Praha 16 166 Malá Chuchle
41%
Praha 22 7 805 Uhříněves
41%
Praha 21 3 272 Klánovice
40%
Praha 19 2 414 Satalice
40%
Praha 6 6 464 Suchdol
40%
Praha 22 3 171 Kolovraty
39%
Praha 6 809 Přední Kopanina
39%
Praha 5 15 609 Košíře
38%
Praha 14 9 347 Kyje
38%
Praha 12 4 171 Písnice
38%
Praha 5 2 655 Slivenec
37%
Praha 13 88 Zadní Kopanina
37%
Praha 9, 10 1 351 Hrdlořezy
35%
Praha 15 6 126 Petrovice
35%
Praha 21 10 352 Újezd nad Lesy
35%
Praha 8 6 723 Čimice
34%
Praha 4, 11 9 654 Kunratice
34%
Praha 6 3 039 Nebušice
34%
Praha 6 11 352 Vokovice
34%
Praha 6 1 541 Lysolaje
33%
Praha 8 4 006 Dolní Chabry
32%
Praha 5 451 Holyně
32%
Praha 6 5 084 Liboc
32%
Praha 6 854 Sedlec
32%
Praha 12 1 869 Komořany
30%
Praha 19 3 894 Vinoř
30%
Praha 22 552 Benice
28%
Praha 15 3 487 Dubeč
28%
Praha 12 19 620 Kamýk
28%
Praha 12 793 Točná
28%
Praha 8 1 202 Březiněves
27%
Praha 4 3 708 Hodkovičky
27%
Praha 21 1 431 Koloděje
27%
Praha 16 3 564 Lipence
27%
Praha 15 2 205 Štěrboholy
27%
Praha 16 631 Lochkov
25%
Praha 14 2 500 Hostavice
24%
Praha 16 472 Lahovice
24%
Praha 4 6 050 Lhotka
24%
Praha 12 530 Cholupice
23%
Praha 4, 11 3 086 Šeberov
23%
Praha 18 1 652 Miškovice
22%
Praha 18 1 061 Třeboradice
22%
Praha 22 463 Hájek u Uhříněvsi
20%
Praha 22 415 Královice
20%
Praha 22 277 Lipany
20%
Praha 22 332 Nedvězí u Říčan
20%
Praha 13, 17 478 Třebonice
19%
Praha 22 1 218 Pitkovice
18%
Praha 11 3 067 Újezd u Průhonic
18%
Praha 11 979 Křeslice
17%
Praha 17 484 Sobín
17%
No matching quizzes found
Score Distribution
Percent of People with Each Score
Percentile by Number Answered
Your Score History
You have not taken this quiz